FIFA 23 TOTW 23 - Statistics

General Stats
  • This quiz has been taken 9 times
  • The average score is 9 of 23
Answer Stats
rat pos club player % Correct
TOTW Starter 92 ST Real Madrid Karim Benzema
100%
TOTW Starter 94 CM Manchester City Kevin De Bruyne
100%
TOTW Starter 88 RB Newcastle United Kieran Trippier
100%
TOTW Starter 92 ST Barcelona Robert Lewandowski
88%
TOTW Starter 88 GK Getafe David Soria
63%
TOTW Reserve 86 ST Arsenal Gabriel Jesus
63%
TOTW Starter 88 RM Bayern Munich Leroy Sané
63%
TOTW Starter 88 LW AC Milan Rafael Leão
63%
TOTW Starter 88 CB RC Lens Facundo Medina
38%
TOTW Reserve 86 RW Stade Brestois Franck Honorat
25%
TOTW Starter 88 CDM AS Roma Georginio Wijnaldum
25%
TOTW Reserve 83 RM Beşiktaş Nathan Redmond
25%
TOTW Reserve 80 ST Wrexham Paul Mullin
25%
TOTW Starter 86 RB Bologna Stefan Posch
25%
TOTW Starter 85 CAM Fiorentina Giacomo Bonaventura
13%
TOTW Reserve 84 RM Aston Villa John McGinn
13%
TOTW Reserve 84 GK Borussia Mönchengladbach Jonas Omlin
13%
TOTW Reserve 84 ST Mainz 05 Ludovic Ajorque
13%
TOTW Reserve 83 CAM Lille OSC Rémy Cabella
13%
TOTW Reserve 85 CB Royal Antwerp Toby Alderweireld
13%
TOTW Reserve 81 LB AEK Athens Ehsan Haji Safi
0%
TOTW Reserve 80 RW 1. FC Magdeburg Jason Ceka
0%
TOTW Reserve 81 LW Paris FC Morgan Guilavogui
0%
No matching quizzes found
Score Distribution
Percent of People with Each Score
Percentile by Number Answered
Your Score History
You have not taken this quiz